| 000 | 01033nam a2200253Ia 4500 | ||
|---|---|---|---|
| 003 | OSt | ||
| 005 | 20210908162937.0 | ||
| 008 | 191128s2014 ck ado fr 000 0 spa d | ||
| 020 | _a9789585837102 | ||
| 040 |
_aCO-JMCR _cCO-JMCR |
||
| 041 | 0 | _aspa | |
| 082 | 0 | 4 |
_a338.209861 / _bP792m _223 |
| 100 | 1 |
_aPonce Muriel, Álvaro, _eautor _97123 |
|
| 245 | 1 | 0 |
_aMinería moderna para el progreso de Colombia / _cÁlvaro Ponce Muriel |
| 250 | _aPrimera edición | ||
| 260 |
_aBogotá : _bSector de la Minería a Gran Escala, _c2014 |
||
| 300 |
_a176 páginas : _bfotografías y gráficos a color ; _c24 cm. |
||
| 504 | _aBibliografía : páginas 173-174 | ||
| 505 | 0 | _aMinería para el bienestar de la humanidad -- La industria minera opera en Colombia bajo estricta regulación -- Los compromisos sociales y ambientales de la minería responsable | |
| 650 | 1 | 4 |
_aIndustria minera _zColombia _97124 |
| 650 | 1 | 4 |
_aPolítica minera _zColombia _97125 |
| 650 | 1 | 4 |
_aIndustria minera _xaspectos ambientales _zColombia _97126 |
| 942 |
_2ddc _cBK |
||
| 999 |
_c4654 _d4654 |
||